Statistics for Italian Dialects

Click here to take the quiz!

General Stats

  • This quiz has been taken 219 times
  • The average score is 7 of 22

Answer Stats

HintAnswer% Correct
Spoken in the regions of the southern tip of ItalyCalabrese
66%
Southern region of ApuliaPugliese
62%
Northern Italy around VeniceVeneto
61%
Calabrian dialects spoken in SicilySiciliano
58%
Dialect of SardiniaSardo
54%
One of the main dialects, spoken in TuscanyToscano
48%
Also from central Italy, spoken in a region known as AbruzzoAbruzzese
46%
Dialect spoken in the Piedmont regionPiemontese
46%
Spoken by the Ladino people in Northern ItalyLadino
41%
Spoken in Molise in the southMolisano
40%
The dialect of another central region called UmbriaUmbro
39%
Spoken in the Basilicata regionLucano
38%
In the Campania region of southern ItalyCampano
36%
Spoken in the coastal area of north-western ItalyLigure
33%
From the region of Lazio in central ItalyLaziale
32%
Dialect of the south-eastern part of ItalySalentino
21%
Spoken on the French island of CorsicaCorse
16%
From the central region of CiociariaCiociaresco
3%
One of the main dialects of Italian along with ToscanoMarchegiano
3%
A dialect of souther Italian, spoken in ApuliaTrentinese
3%
Spoken in the northern regions of Emilia-Romagna and LombardyEmilano-Romagnolo
1%
In and around MilanLombardo Milano
1%

Score Distribution

Percentile by Number Answered

Percent of People with Each Score

Your Score History

You have not taken this quiz